000 00508nam a2200169Ia 4500
003 GCL
008 140319s9999 xx 000 0 ara d
040 _aGCL /
_cGCL
082 0 4 _a891.4
_bم ا
100 1 _aمحى الدين الالوائى
245 1 0 _aالادب الهندى المعاصر /
_cمحى الدين الالوائى
300 _a176 ص
490 _aالهيئة العامة للاستعلامات
_v0
650 0 4 _aالادب
650 0 4 _aالادب الهندى
942 _2ddc
_cBK
999 _c46886
_d46886